Qualitative data analysis : a sourcebook of new methods
Αποθηκεύτηκε σε:
| Κύριος συγγραφέας: | |
|---|---|
| Άλλοι συγγραφείς: | |
| Μορφή: | Βιβλίο |
| Γλώσσα: | English |
| Δημοσίευση: |
London :
Sage Publications,
c1984
|
| Θέματα: | |
| Ετικέτες: |
Προσθήκη ετικέτας
Δεν υπάρχουν, Καταχωρήστε ετικέτα πρώτοι!
|
MARC
| LEADER | 00000nam a2200000 i 4500 | ||
|---|---|---|---|
| 001 | 1/50377 | ||
| 008 | 980216s1984 eng d | ||
| 020 | |a 0803922744 | ||
| 035 | |l 10026994 | ||
| 040 | |a GR-MY-UA |b gre |e aacr | ||
| 041 | 0 | |a eng | |
| 082 | 0 | |a 300.72 | |
| 100 | 1 | |a Miles, Matthew B. | |
| 245 | 1 | 0 | |a Qualitative data analysis : |b a sourcebook of new methods / |c Matthew B. Miles, A. Michael Huberman |
| 260 | |a London : |b Sage Publications, |c c1984 | ||
| 300 | |a 263 p. | ||
| 504 | |a Includes bibliographical references and index | ||
| 650 | 0 | 0 | |a Social sciences |x Research. |
| 650 | 0 | 0 | |a Education |x Research. |
| 700 | 1 | |a Huberman, A. M. | |
| 852 | |a INST |b CHIOS |e 19980216 |h 300.72 MIL |p 005200009930 |q 005200009930 |t BK |y 0 | ||
| 901 | |a BIBL-1997-3 | ||
| 909 | |a Χ |b 048441 | ||